Сравнительный анализ векторного управления и прямого управления моментом синхронного электродвигателя с постоянными магнитами; Известия Томского политехнического университета [Известия ТПУ]; Т. 319, № 4 : Энергетика

Bibliografische gegevens
Parent link:Известия Томского политехнического университета [Известия ТПУ]/ Томский политехнический университет (ТПУ).— , 2000-
Т. 319, № 4 : Энергетика.— 2011.— [С. 93-99]
Andere auteurs: Абд Эль Вхаб Амр Рефки, Каракулов А. С. Александр Сергеевич, Дементьев Ю. Н. Юрий Николаевич, Кладиев С. Н. Сергей Николаевич
Samenvatting:Заглавие с титульного листа
Электронная версия печатной публикации
Представлен сравнительный анализ наиболее популярных систем частотного управления приводов с синхронным двигателем с постоянными магнитами - классической частотно-токовой "векторной" с ШИМ управлением и прямого управления моментом с помощью таблицы переключений на основе релейных регуляторов. Сравнение основано на показателях качества регулирования, таких, как точность регулирования координат и время реакции на изменение управляющих и возмущающих воздействий, затрат вычислительных ресурсов микропроцессорной системы управления, сложности реализации и частоты коммутации вентилей инвертора.
Taal:Russisch
Gepubliceerd in: 2011
Reeks:Энергетика
Onderwerpen:
Online toegang:http://www.lib.tpu.ru/fulltext/v/Bulletin_TPU/2011/v319/i4/20.pdf
Formaat: Elektronisch Hoofdstuk
KOHA link:https://koha.lib.tpu.ru/cgi-bin/koha/opac-detail.pl?biblionumber=205976

MARC

LEADER 00000nla2a2200000 4500
001 205976
005 20240209154528.0
035 |a (RuTPU)RU\TPU\book\224516 
035 |a RU\TPU\book\224485 
090 |a 205976 
100 |a 20111221d2011 k y0rusy50 ca 
101 0 |a rus 
102 |a RU 
135 |a drnn ---uucaa 
181 0 |a i  
182 0 |a b 
200 1 |a Сравнительный анализ векторного управления и прямого управления моментом синхронного электродвигателя с постоянными магнитами  |f Абд Эль Вхаб Амр Рефки [и др.] 
203 |a Текст  |c электронный 
215 |a 1 файл (1013 Кб) 
225 1 |a Энергетика 
300 |a Заглавие с титульного листа 
300 |a Электронная версия печатной публикации 
320 |a [Библиогр.: с. 99 (6 назв.)] 
330 |a Представлен сравнительный анализ наиболее популярных систем частотного управления приводов с синхронным двигателем с постоянными магнитами - классической частотно-токовой "векторной" с ШИМ управлением и прямого управления моментом с помощью таблицы переключений на основе релейных регуляторов. Сравнение основано на показателях качества регулирования, таких, как точность регулирования координат и время реакции на изменение управляющих и возмущающих воздействий, затрат вычислительных ресурсов микропроцессорной системы управления, сложности реализации и частоты коммутации вентилей инвертора. 
337 |a Adobe Reader 
461 1 |0 (RuTPU)RU\TPU\book\176237  |t Известия Томского политехнического университета [Известия ТПУ]  |f Томский политехнический университет (ТПУ)  |d 2000- 
463 1 |0 (RuTPU)RU\TPU\book\224153  |x 1684-8519  |t Т. 319, № 4 : Энергетика  |v [С. 93-99]  |d 2011  |p 190 с. 
610 1 |a векторное управление 
610 1 |a прямое управление 
610 1 |a крутящий момент 
610 1 |a синхронные электродвигатели 
610 1 |a частотно-регулируемые электроприводы 
610 1 |a сравнительный анализ 
610 1 |a релейные регуляторы 
610 1 |a труды учёных ТПУ 
610 1 |a электронный ресурс 
701 0 |a Абд Эль Вхаб Амр Рефки  |c египетский ученый, специалист в области электротехники  |c аспирант Томского политехнического университета  |f 1976-  |3 (RuTPU)RU\TPU\pers\29034 
701 1 |a Каракулов  |b А. С.  |c специалист в области электротехники  |c доцент Томского политехнического университета, кандидат технических наук  |f 1975-  |g Александр Сергеевич  |3 (RuTPU)RU\TPU\pers\27104  |9 12654 
701 1 |a Дементьев  |b Ю. Н.  |c специалист в области электротехники  |c доцент Томского политехнического университета, кандидат технических наук  |f 1953-  |g Юрий Николаевич  |3 (RuTPU)RU\TPU\pers\25853 
701 1 |a Кладиев  |b С. Н.  |c специалист в области электротехники  |c доцент Томского политехнического университета, кандидат технических наук  |f 1960-  |g Сергей Николаевич  |3 (RuTPU)RU\TPU\pers\30625  |9 14906 
801 1 |a RU  |b 63413507  |c 20090623  |g PSBO 
801 2 |a RU  |b 63413507  |c 20211229  |g PSBO 
856 4 |u http://www.lib.tpu.ru/fulltext/v/Bulletin_TPU/2011/v319/i4/20.pdf 
942 |c CF